[Event "Hampstead U2200 July 2014"]
[Site "Hampstead, UK"]
[Date "2014.07.06"]
[Round "4"]
[White "Jain, Gautam"]
[Black "Oliveri, Claudio"]
[Result "1/2-1/2"]
[WhiteElo "1714"]
[BlackElo "1687"]
[EventType "swiss"]
[EventRounds "5"]

1. e4 c5 2. Nc3 e6 3. Bc4 Nc6 4. f4 a6 5. d3 b5 6. Bb3 Nd4 7. Nf3 Nxb3 8. axb3
Bb7 9. Qe2 Be7 10. O-O Nf6 11. e5 Nd5 12. Nxd5 Bxd5 13. Be3 O-O 14. c4 Bc6 15.
d4 Qb6 16. b4 Bxf3 17. Rxf3 cxd4 18. c5 Qc6 19. Bxd4 f6 20. Rh3 fxe5 21. Bxe5
Bf6 22. Qh5 Qe4 23. Qf3 Qxb4 24. Bxf6 Qxc5+ 25. Kh1 gxf6 26. Qg4+ Kh8 27. Qg6
Qe7 28. Re1 Rg8 29. Qe4 Rac8 30. Rc3 Rxc3 31. bxc3 f5 32. Qxf5 Qg7 33. Qc2 Rc8
34. Re3 b4 35. h3 Rxc3 36. Rxc3 Qxc3 37. Qe4 Qc1+ 38. Kh2 b3 39. Qe5+ Kg8 40.
Qg5+ Kf7 41. Qh5+ Kf8 42. Qh6+ Ke8 43. Qh5+ Kd8 44. Qa5+ Ke7 45. Qb4+ Kf7 46.
Qxb3 Qxf4+ 47. Kh1 h5 48. Qb7 Qd6 49. Qf3+ Kg6 50. Qe4+ Kg7 51. Qc4 e5 52. Qc1
Kf7 53. Qf1+ Qf6 54. Qe2 Qg6 55. Qxe5 Qb1+ 56. Kh2 Qg6 57. Qd5+ Ke7 58. Qe5+
Kf7 59. Qd5+ Ke7 60. Qe5+ Kd8 61. Qb8+ {#d} 1/2-1/2

[Event "Hampstead U2200 July 2014"]
[Site "Hampstead, UK"]
[Date "2014.07.06"]
[Round "4"]
[White "Carter, John"]
[Black "Winter, Malcolm J"]
[Result "0-1"]
[WhiteElo "1710"]
[BlackElo "1542"]
[EventType "swiss"]
[EventRounds "5"]

1. d4 Nf6 2. c4 e6 3. Nf3 d5 4. Nc3 Nbd7 5. Bg5 Be7 6. e3 O-O 7. Qc2 c6 8.
O-O-O a5 9. c5 b6 10. cxb6 Qxb6 11. Bd3 Qd8 12. Ne5 Bb7 13. g4 c5 14. Nxd7
Nxd7 15. Bxh7+ Kh8 16. h4 cxd4 17. Rxd4 Bf6 18. Bxf6 Nxf6 19. Be4 Nxe4 20.
Rxe4 dxe4 21. Kb1 Qd3 22. Rd1 Qxc2+ 23. Kxc2 Rfd8 {#R} 0-1

[Event "Hampstead U2200 July 2014"]
[Site "Hampstead, UK"]
[Date "2014.07.06"]
[Round "4"]
[White "Sonnis, Steve"]
[Black "Chauhan, Pranay"]
[Result "0-1"]
[WhiteElo "1699"]
[BlackElo "1536"]
[EventType "swiss"]
[EventRounds "5"]

1. e4 e6 2. Qe2 Be7 3. Nf3 d5 4. d3 b6 5. exd5 exd5 6. Nc3 Nf6 7. Bf4 Bb7 8.
O-O-O a6 9. g3 d4 10. Ne4 O-O 11. Bg2 Nc6 12. h4 Nd5 13. Bd2 Re8 14. Qf1 a5
15. Kb1 a4 16. Ne1 b5 17. c4 bxc4 18. dxc4 Ba6 19. Bf3 Ne5 20. Be2 Nb6 21. Rc1
Nbxc4 22. Bxc4 Nxc4 23. Qg2 Rb8 24. Nd3 Na3+ 25. Ka1 Bxd3 26. bxa3 Bxa3 27.
Rb1 Bxe4 {#R} 0-1

[Event "Hampstead U2200 July 2014"]
[Site "Hampstead, UK"]
[Date "2014.07.06"]
[Round "4"]
[White "Balouka Myers, Gabriel"]
[Black "Huang, Dion"]
[Result "0-1"]
[WhiteElo "1578"]
[BlackElo "1759"]
[EventType "swiss"]
[EventRounds "5"]

1. d4 Nf6 2. c4 g6 3. Nc3 Bg7 4. e4 d6 5. f3 O-O 6. Be3 e5 7. d5 Ne8 8. Qd2 f5
9. O-O-O a6 10. Bd3 f4 11. Bf2 Nd7 12. Kb1 Ndf6 13. c5 dxc5 14. Bxc5 Nd6 15.
Nge2 Nd7 16. Bxd6 cxd6 17. Rc1 b5 18. Nd1 Bb7 19. Nf2 Qb6 20. Nc3 Rac8 21. Qe2
Nc5 22. Bc2 Qa7 23. Nd3 Nxd3 24. Bxd3 Bf6 25. Ka1 Bd8 26. Nb1 Bb6 27. Rhd1 Be3
28. Rc2 Rc5 29. Nd2 Rfc8 30. Nb3 Rxc2 31. Bxc2 Qb6 32. Bb1 a5 33. Bd3 a4 34.
Nd2 Qc5 35. Nb1 b4 36. g3 a3 37. gxf4 Bd4 {#R} 0-1

[Event "Hampstead U2200 July 2014"]
[Site "Hampstead, UK"]
[Date "2014.07.06"]
[Round "4"]
[White "Crouch, Timothy J"]
[Black "Balouka Myers, Reuben"]
[Result "1-0"]
[WhiteElo "1666"]
[BlackElo "1488"]
[EventType "swiss"]
[EventRounds "5"]

1. e4 e6 2. Nf3 d5 3. e5 c5 4. Bb5+ Bd7 5. Bxd7+ Nxd7 6. O-O f6 7. Re1 f5 8.
c3 c4 9. d4 cxd3 10. Qxd3 Qb6 11. Re2 Nc5 12. Qc2 Ne4 13. Be3 Bc5 14. Bxc5
Qxc5 15. Qb3 Rb8 16. Nd4 Kf7 17. Nd2 Ne7 18. Kf1 Ng6 19. f3 Nxd2+ 20. Rxd2
Nxe5 21. Re2 Qd6 22. Rae1 Nc4 23. Nxe6 Qxh2 24. Ng5+ Kg6 25. Nh3 Rhf8 26. Qb5
Nb6 27. Qc5 Kf7 28. Re7+ Kg8 29. Qd4 Qg3 30. f4 Qg6 31. R1e6 Rf6 32. Ng5 Rxe6
33. Nxe6 Qh6 34. Rxg7+ {#r} 1-0

[Event "Hampstead U2200 July 2014"]
[Site "Hampstead, UK"]
[Date "2014.07.06"]
[Round "4"]
[White "Mospan, Edward"]
[Black "Xu, David"]
[Result "0-1"]
[WhiteElo "1600"]
[BlackElo "1540"]
[EventType "swiss"]
[EventRounds "5"]

1. e4 c5 2. Nf3 d6 3. d4 cxd4 4. Nxd4 Nf6 5. f3 g6 6. Be3 Bg7 7. Nd2 Nc6 8.
Bb5 Bd7 9. O-O Nxd4 10. Bxd7+ Nxd7 11. c3 Nc6 12. Nb3 O-O 13. Qd2 Rc8 14. Bh6
Nde5 15. Bxg7 Qb6+ 16. Kh1 Kxg7 17. Qe2 Na5 18. Nd4 Nec6 19. Rad1 Nxd4 20.
Rxd4 Nc6 21. Rd2 Ne5 22. Rd4 Rc5 23. Rb4 Qc7 24. a4 Rc4 25. Qe3 Rxb4 26. cxb4
Qc4 27. Rc1 Qxb4 28. b3 Nc6 29. Rc4 Qa3 30. h3 Qa1+ 31. Kh2 Qe5+ 32. Kh1 Qe6
33. Qc3+ Qf6 34. Qxf6+ Kxf6 35. b4 Rb8 36. Kg1 a6 37. b5 Ne5 38. Rc3 axb5 39.
axb5 Nd7 40. Kf2 Ra8 41. Ke3 Nc5 42. h4 Ra5 43. b6 Rb5 44. Kf4 Rxb6 45. g4 Rc6
46. g5+ Kg7 47. Re3 b5 48. e5 dxe5+ 49. Rxe5 Nd3+ {#R} 0-1

[Event "Hampstead U2200 July 2014"]
[Site "Hampstead, UK"]
[Date "2014.07.06"]
[Round "5"]
[White "Kahn, Tito"]
[Black "Haribalu, V."]
[Result "0-1"]
[WhiteElo "1975"]
[BlackElo "2176"]
[EventType "swiss"]
[EventRounds "5"]

1. d4 d5 2. Bf4 c5 3. e3 Nc6 4. Nf3 Nf6 5. c3 Qb6 6. Qc1 Bf5 7. Ne5 cxd4 8.
exd4 Rc8 9. Nxc6 bxc6 10. Nd2 e6 11. b4 Be7 12. Be2 O-O 13. O-O Nd7 14. Re1 f6
15. g4 Bg6 16. Nf3 e5 17. Be3 Qc7 18. Nh4 Bd6 19. h3 Rce8 20. Qd2 f5 21. gxf5
Bxf5 22. Nxf5 Rxf5 23. Bg4 Rf7 24. c4 e4 25. c5 Bh2+ 26. Kg2 Nf8 27. Rh1 Bf4
28. h4 g6 29. Rh3 h5 30. Be2 Ne6 31. a4 Ref8 32. Bf1 Rf5 33. b5 Qf7 34. Qe1
Bc7 35. a5 cxb5 36. Bxb5 Rf3 37. Be2 Nf4+ 38. Bxf4 Rxf4 39. Raa3 Rxf2+ 40. Kg1
Qf6 {#R} 0-1

[Event "Hampstead U2200 July 2014"]
[Site "Hampstead, UK"]
[Date "2014.07.06"]
[Round "5"]
[White "Barasi, Paul"]
[Black "Millward, David J"]
[Result "0-1"]
[WhiteElo "1872"]
[BlackElo "1859"]
[EventType "swiss"]
[EventRounds "5"]

1. d4 Nf6 2. Bg5 d5 3. Bxf6 exf6 4. e3 c6 5. c4 dxc4 6. Bxc4 Be6 7. Bd3 Be7 8.
Nc3 Nd7 9. Nge2 Nb6 10. O-O O-O 11. Qc2 g6 12. Ne4 Nd5 13. a3 f5 14. Nc5 Bxc5
15. dxc5 Qg5 16. g3 Rad8 17. Rad1 a6 18. Qc1 Qe7 19. Nd4 Nc7 20. Rd2 Bd5 21.
b4 Ne6 22. Be2 Ng5 23. h4 Ne4 24. Rd3 Qe5 25. Kh2 h6 26. Nf3 Qf6 27. Rd4 g5
28. Qe1 Rfe8 29. h5 g4 30. Nh4 Qg5 31. f3 Nf6 32. fxg4 Nxg4+ 33. Bxg4 fxg4 34.
Qd1 Qxe3 35. Qxg4+ Qg5 36. Nf5 Qxg4 37. Rxg4+ Kh7 38. Rf2 Re1 39. Rg7+ Kh8 40.
g4 Be6 41. g5 Bxf5 42. Rxf7 Be4 43. g6 Rh1+ 44. Kg3 Rxh5 45. g7+ Kh7 46. Rf8
Rg5+ 47. Kf4 Rd7 48. g8=Q+ Rxg8 49. Rxg8 Kxg8 50. Kxe4 Re7+ 51. Kd4 Kg7 52. a4
h5 53. b5 axb5 54. axb5 Rd7+ 55. Kc4 Kg6 56. Re2 Kg5 57. b6 h4 58. Re8 h3 59.
Rc8 Rh7 60. Rc7 Kg6 61. Rc8 h2 62. Rg8+ Kf7 63. Rg3 h1=Q 64. Rf3+ Qxf3 {#R}
0-1

[Event "Hampstead U2200 July 2014"]
[Site "Hampstead, UK"]
[Date "2014.07.06"]
[Round "5"]
[White "Jaunooby, Ali R"]
[Black "Atako, Chino C"]
[Result "1-0"]
[WhiteElo "2186"]
[BlackElo "2042"]
[EventType "swiss"]
[EventRounds "5"]

1. d4 f5 2. g4 fxg4 3. h3 d5 4. hxg4 Bxg4 5. Qd3 Nf6 6. Bh3 Qd7 7. Bxg4 Qxg4
8. Qb5+ Nbd7 9. Qxb7 Rb8 10. Qxc7 e5 11. Nf3 exd4 12. Rg1 Qh5 13. Nxd4 Bb4+
14. c3 O-O 15. Qg3 g6 16. cxb4 Rxb4 17. Be3 Rc8 18. Nd2 Rxb2 19. Qf3 Rxa2 20.
Rd1 Qe5 21. Qh3 Re8 22. N2f3 Qd6 23. Kf1 Qa6 24. Ng5 Ne5 25. Rh1 Re7 26. Rb1
Neg4 27. Rb8+ Kg7 28. Qxh7+ Nxh7 29. Rxh7+ Kf6 30. Rf8+ Ke5 31. Rxe7+ {#r} 1-0

[Event "Hampstead U2200 July 2014"]
[Site "Hampstead, UK"]
[Date "2014.07.06"]
[Round "5"]
[White "Willmoth, Robert"]
[Black "Landau, Jonathan"]
[Result "1-0"]
[WhiteElo "2159"]
[BlackElo "1945"]
[EventType "swiss"]
[EventRounds "5"]

1. Nf3 Nc6 2. d4 d5 3. g3 Bg4 4. Bg2 e6 5. b3 Nf6 6. Bb2 Bd6 7. Nbd2 O-O 8.
O-O Re8 9. c4 Bh5 10. a3 a5 11. Rc1 h6 12. h3 Bg6 13. Ne5 Bxe5 14. dxe5 Ne4
15. Nxe4 dxe4 16. e3 Qxd1 17. Rfxd1 Rad8 18. Bc3 Bh7 19. Kf1 g5 20. Ke2 b6 21.
b4 Kg7 22. bxa5 Nxa5 23. Bxa5 bxa5 24. Rb1 Rxd1 25. Kxd1 Rd8+ 26. Kc2 Rd3 27.
Ra1 a4 28. Bf1 Rb3 29. c5 Kg6 30. g4 f6 31. Rb1 Rxa3 32. Bc4 fxe5 33. Kb2 Rd3
34. Bxd3 exd3 35. e4 Kf7 36. f3 Ke7 37. Kc3 Bg8 38. Ra1 Bf7 39. Rxa4 Be8 40.
Ra5 Bc6 41. Kxd3 Kd8 42. Kc4 Ke7 43. Kb4 Kd8 44. Ra2 Ke7 45. Ka5 Be8 46. Rb2
h5 47. Ka6 Kd8 48. Kb7 c6 49. Rd2+ Ke7 50. Kc7 {#r} 1-0

[Event "Hampstead U2200 July 2014"]
[Site "Hampstead, UK"]
[Date "2014.07.06"]
[Round "5"]
[White "Krzyzanowski, Patryk"]
[Black "Gupta, Arul"]
[Result "1-0"]
[WhiteElo "2006"]
[BlackElo "1844"]
[EventType "swiss"]
[EventRounds "5"]

1. d4 d5 2. c4 e6 3. Nf3 f5 4. Bg5 Nf6 5. e3 c6 6. Be2 Be7 7. O-O O-O 8. Ne5
Nbd7 9. f4 Nxe5 10. fxe5 Ne4 11. Bxe7 Qxe7 12. Nc3 Bd7 13. Nxe4 fxe4 14. Qb3
b6 15. g3 Rxf1+ 16. Rxf1 Be8 17. Rf4 Bf7 18. Qa4 Qc7 19. b4 c5 20. bxc5 bxc5
21. cxd5 exd5 22. Bg4 cxd4 23. e6 Bg6 24. Qxd4 Rd8 25. h4 h5 26. Bh3 Qe7 27.
Kg2 Kh7 28. Qe5 Rd6 29. Rf2 Be8 30. Rd2 Qf8 31. Kh2 g6 32. Kg1 Rb6 33. Rf2 Qe7
34. Qxd5 Qc7 35. Qg5 Rb1+ 36. Bf1 Rb6 37. Bh3 Rb1+ 38. Kh2 Rb5 39. Qxb5 Bxb5
40. Rf7+ Qxf7 41. exf7 Kg7 42. Be6 Be2 43. Bd5 Bg4 44. Kg1 Bf5 45. Kf2 g5 46.
hxg5 Bg6 47. Kg2 Bf5 48. Kh2 Bg4 49. Kg2 Bf5 50. a3 a5 51. Ba2 Bg4 52. Bb3 Bf5
53. Bd5 Bg4 54. Bxe4 Kxf7 55. Kf2 Be6 56. Kf3 Ke7 57. Kf4 Kd6 58. g6 Kc5 59.
Bd3 Kd6 60. Kg5 Ke7 61. Kxh5 Kf8 62. Kh6 Kg8 63. g7 {#r} 1-0

[Event "Hampstead U2200 July 2014"]
[Site "Hampstead, UK"]
[Date "2014.07.06"]
[Round "5"]
[White "Jarek, Katherine"]
[Black "Olutola, Taiwo"]
[Result "1/2-1/2"]
[WhiteElo "1931"]
[BlackElo "1538"]
[EventType "swiss"]
[EventRounds "5"]

1. d4 d5 2. c4 Nf6 3. Nc3 e6 4. e3 Be7 5. Nf3 O-O 6. Bd3 dxc4 7. Bxc4 a6 8. a3
b5 9. Ba2 Bb7 10. O-O Nbd7 11. Qe2 c5 12. dxc5 Nxc5 13. Rd1 Qc7 14. b4 Nce4
15. Nxe4 Nxe4 16. Bb2 Bf6 17. Rac1 Qe7 18. Ne5 Rfd8 19. f3 Rxd1+ 20. Rxd1 Nd6
21. Bb1 Rd8 22. Qd3 Nf5 23. Qxd8+ Qxd8 24. Rxd8+ Bxd8 25. Bxf5 exf5 26. Bd4 f6
27. Nd3 Kf7 28. Kf2 Ke7 29. Nf4 a5 30. Bc5+ Kf7 31. Ne2 Bc8 32. Nd4 Bd7 33.
Ke2 a4 34. Kd3 g5 35. f4 Bc7 36. g3 h6 37. h4 gxh4 38. gxh4 Kg6 39. Be7 Kf7
40. Bc5 {#d} 1/2-1/2

[Event "Hampstead U2200 July 2014"]
[Site "Hampstead, UK"]
[Date "2014.07.06"]
[Round "5"]
[White "Yiamakis, Albert"]
[Black "Jacob, Sydney"]
[Result "1-0"]
[WhiteElo "1785"]
[BlackElo "1912"]
[EventType "swiss"]
[EventRounds "5"]

1. b3 e5 2. Bb2 Nc6 3. e3 Nf6 4. Bb5 d6 5. d4 Bd7 6. dxe5 Nxe5 7. Bxd7+ Nexd7
8. Nf3 g6 9. g4 Bg7 10. g5 Nh5 11. Bxg7 Nxg7 12. Qd4 O-O 13. Nc3 Qe7 14. Nd5
Qd8 15. O-O-O Re8 16. h4 Nh5 17. Nf4 Nxf4 18. exf4 Qe7 19. Rde1 Qf8 20. Kb1
Qg7 21. Qd5 Qc3 22. Ne5 Nxe5 23. Rxe5 Rxe5 24. fxe5 dxe5 25. Rd1 Qc6 26. Qxc6
bxc6 27. Rd7 Rc8 28. Re7 Kf8 29. Rxe5 Rd8 30. Re4 Rd2 31. Rf4 Ke7 32. Kc1 Rd5
33. Ra4 a5 34. Rf4 c5 35. c3 Re5 36. Kd2 Rd5+ 37. Ke3 Rd1 38. Ra4 Rh1 39. Rxa5
Rh3+ 40. f3 Rxh4 41. Rxc5 Kd6 42. Rc4 Rh1 43. a4 Rh5 44. f4 f6 45. Rd4+ Ke6
46. Re4+ Kd6 47. gxf6 Rf5 48. Re7 h5 49. Rf7 h4 50. Rh7 Rxf6 51. Rxh4 Re6+ 52.
Kd3 Kd5 53. Rg4 c5 54. Rg5+ Kc6 55. b4 cxb4 56. cxb4 Rd6+ 57. Kc4 Rf6 58. Rg4
Kb6 59. Kd4 Rd6+ 60. Ke5 Rc6 61. Rg1 Kb7 62. Rd1 Rc4 63. Rd4 Rc1 64. Rd7+ Kc8
65. Rd5 Rb1 66. b5 Rb4 67. Rd4 Rb1 68. Kf6 Kc7 69. Kxg6 Kb6 70. f5 {#r} 1-0

[Event "Hampstead U2200 July 2014"]
[Site "Hampstead, UK"]
[Date "2014.07.06"]
[Round "5"]
[White "Brozel, Sacha"]
[Black "Sheremetyeva, Elizaveta"]
[Result "1-0"]
[WhiteElo "1769"]
[BlackElo "1672"]
[EventType "swiss"]
[EventRounds "5"]

1. d4 f5 2. c4 Nf6 3. g3 g6 4. Bg2 Bg7 5. Nf3 c6 6. Nc3 e6 7. c5 O-O 8. O-O d5
9. cxd6 Qxd6 10. Bf4 Qe7 11. Re1 Nbd7 12. e4 Qf7 13. Ng5 Qe8 14. exf5 Nb6 15.
fxe6 Nfd5 16. Bd6 Rf5 17. Nge4 Bf8 18. g4 Nxc3 19. bxc3 Nd5 20. gxf5 gxf5 21.
Nf6+ Nxf6 22. Bxf8 Qxf8 23. Qd2 h6 24. e7 Qf7 25. Qxh6 Be6 26. Re3 f4 27. Re5
Nh7 28. Rxe6 Kh8 29. Be4 Re8 30. Bg6 Qg8 31. Kh1 Rc8 32. e8=Q Rxe8 33. Rxe8
Qxe8 34. Qxh7# 1-0

[Event "Hampstead U2200 July 2014"]
[Site "Hampstead, UK"]
[Date "2014.07.06"]
[Round "5"]
[White "Anilkumar, Anantha P"]
[Black "Bratholm, Palle"]
[Result "1/2-1/2"]
[WhiteElo "1738"]
[BlackElo "2158"]
[EventType "swiss"]
[EventRounds "5"]

1. e4 e5 2. Nf3 Nc6 3. d4 exd4 4. Nxd4 Nf6 5. Nc3 Bb4 6. Nxc6 bxc6 7. Bd3 h6
8. O-O d6 9. f3 O-O 10. Ne2 Re8 11. c3 Bc5+ 12. Kh1 d5 13. exd5 cxd5 14. b4
Bd6 15. Nd4 c5 16. bxc5 Bxc5 17. Bb5 Bd7 18. Bxd7 Qxd7 19. Nb3 Bb6 20. a4 Rac8
21. a5 Bc7 22. Ba3 Qf5 23. Bc5 a6 24. Bd4 Qh5 25. f4 Ng4 26. h3 Nf6 27. Bxf6
Qxd1 28. Raxd1 gxf6 29. Rxd5 Rb8 30. Nd4 Re4 31. f5 Rb2 32. Rc5 Be5 33. Rc6
Re3 34. Rc1 {#d} 1/2-1/2

[Event "Hampstead U2200 July 2014"]
[Site "Hampstead, UK"]
[Date "2014.07.06"]
[Round "5"]
[White "Winter, Malcolm J"]
[Black "Briggs, John"]
[Result "0-1"]
[WhiteElo "1542"]
[BlackElo "1960"]
[EventType "swiss"]
[EventRounds "5"]

1. d4 Nf6 2. Nf3 d5 3. e3 Bf5 4. c4 c6 5. cxd5 cxd5 6. Qb3 Qb6 7. Qxb6 axb6 8.
Nc3 Nc6 9. a3 e6 10. Be2 Bb4 11. Bd2 Bxc3 12. Bxc3 Na5 13. Bxa5 bxa5 14. Bb5+
Ke7 15. Rc1 Rac8 16. Ke2 h6 17. Ne5 Rhd8 18. h3 Ne8 19. Bxe8 Rxe8 20. Nd3 b6
21. Kd2 Bxd3 22. Kxd3 a4 23. h4 h5 24. g3 Kd6 25. Rhd1 b5 26. f3 Rc4 27. Rc3
Rg8 28. Rdc1 Rgc8 29. Rxc4 bxc4+ 30. Kc3 Rb8 31. Kd2 Rxb2+ 32. Rc2 Rb3 33. Rc3
e5 34. f4 exd4 35. exd4 Ke6 36. Re3+ Rxe3 37. Kxe3 Kf5 38. Kf3 {#R} 0-1

[Event "Hampstead U2200 July 2014"]
[Site "Hampstead, UK"]
[Date "2014.07.06"]
[Round "5"]
[White "Chauhan, Pranay"]
[Black "Stern, Robert"]
[Result "1/2-1/2"]
[WhiteElo "1536"]
[BlackElo "1932"]
[EventType "swiss"]
[EventRounds "5"]

1. d4 d5 2. e4 dxe4 3. Nc3 e5 4. Nxe4 Qxd4 5. Qxd4 exd4 6. Nf3 f5 7. Ng3 Bb4+
8. Bd2 Bxd2+ 9. Kxd2 c5 10. Bd3 Nh6 11. Rhe1+ Kd8 12. b4 b6 13. bxc5 bxc5 14.
Rab1 Nc6 15. Rb5 Nb4 16. Rxc5 Re8 17. Rxe8+ Kxe8 18. Nxd4 Nxd3 19. Kxd3 Ba6+
20. Kd2 Rd8 21. Re5+ Kf7 22. Ngxf5 Nxf5 23. Rxf5+ Kg6 24. Rf4 Rd5 25. Kc3 Rc5+
26. Kb3 Bc4+ 27. Kb4 Rc7 28. a4 Bf1 29. c3 Rc4+ 30. Kb3 Rc7 31. g3 Rb7+ 32.
Kc2 Re7 33. Nc6 Re2+ 34. Kb3 a6 35. c4 Re6 36. Nb4 a5 37. Nd5 Re8 38. c5 Re1
39. Ne3 Ba6 40. Rd4 Bc8 41. Rd6+ Kf7 42. c6 Ke7 43. Rd4 Re2 44. Re4+ Kd8 45.
Re5 Rxf2 46. Rxa5 Rf3 47. Re5 Kc7 48. Re8 Bh3 49. Kc4 Kxc6 50. Nc2 Rf2 {#d}
1/2-1/2

[Event "Hampstead U2200 July 2014"]
[Site "Hampstead, UK"]
[Date "2014.07.06"]
[Round "5"]
[White "Pride, Stephen"]
[Black "Finnegan, Oliver"]
[Result "1/2-1/2"]
[WhiteElo "1776"]
[BlackElo "1766"]
[EventType "swiss"]
[EventRounds "5"]

1. d4 Nf6 2. Bg5 Ne4 3. Bf4 c5 4. f3 Nf6 5. dxc5 Qa5+ 6. Nc3 g6 7. Qd2 Bg7 8.
e4 Nc6 9. Nb5 Qxd2+ 10. Bxd2 O-O 11. O-O-O Ne8 12. Bc4 b6 13. cxb6 axb6 14.
Kb1 Na5 15. Bd3 d6 16. Ne2 Be6 17. Nf4 Bc4 18. Bxa5 Bxd3 19. Rxd3 Rxa5 20. Rb3
Nf6 21. Rd1 Nd7 22. Nd5 Rfa8 23. Ra3 Kf8 24. Rdd3 Rxa3 25. Rxa3 Rxa3 26. Nxa3
e6 27. Nc7 Be5 28. g3 d5 29. Ncb5 dxe4 30. fxe4 Nf6 31. Nc4 Bb8 32. Nxb6 Ke7
33. Nc3 Ng4 34. h3 Nf2 35. g4 Nxh3 36. Nd1 Ng5 37. Nc3 h5 38. gxh5 gxh5 39.
Nc4 h4 40. Ne3 h3 41. Nf1 Nf3 42. Kc1 h2 43. Nxh2 Bxh2 44. Kd1 Be5 45. Ke2
Bxc3 46. bxc3 Ne5 47. Ke3 Kd6 48. Kd4 Nc6+ 49. Kc4 Ke5 50. Kd3 Nb8 51. a4 Na6
52. a5 Nc5+ 53. Kc4 Nxe4 54. a6 Nd6+ 55. Kc5 Nc8 56. Kc6 f5 57. Kb7 Nd6+ 58.
Kc6 Nc8 59. Kb7 Nd6+ {#d} 1/2-1/2

[Event "Hampstead U2200 July 2014"]
[Site "Hampstead, UK"]
[Date "2014.07.06"]
[Round "5"]
[White "Huang, Dion"]
[Black "Crouch, Timothy J"]
[Result "1-0"]
[WhiteElo "1759"]
[BlackElo "1666"]
[EventType "swiss"]
[EventRounds "5"]

1. d4 d5 2. Nf3 Bf5 3. e3 Nf6 4. c4 e6 5. Nc3 c6 6. cxd5 exd5 7. Bd3 Bxd3 8.
Qxd3 Bb4 9. O-O Bxc3 10. bxc3 Nbd7 11. Ba3 Nb6 12. Nd2 Qc7 13. h3 Nc8 14. e4
Nb6 15. exd5 Nbxd5 16. Rfe1+ Kd8 17. Nc4 Ne8 18. Ne3 Qa5 19. Bb2 Nd6 20. Nxd5
Qxd5 21. Re5 Qc4 22. Qg3 g6 23. Qg5+ Kc7 24. Qe7+ Kb6 25. Qxd6 Rad8 26. Qb4+
Qxb4 27. cxb4 Rd7 28. Rae1 a6 29. Kf1 h5 30. a4 Rhd8 31. R1e3 Kc7 32. Ke2 b5
33. axb5 axb5 34. Re7 Kd6 35. Rxd7+ Rxd7 36. Kd3 Kd5 37. g4 hxg4 38. hxg4 f6
39. Re8 g5 40. Bc1 Rh7 41. Re3 Rh1 42. Bd2 Rh4 43. f3 Rh7 44. Re4 Rh3 45. Ke3
Rh7 46. Re8 Rd7 47. Kd3 Rd6 48. Bxg5 {#r} 1-0

[Event "Hampstead U2200 July 2014"]
[Site "Hampstead, UK"]
[Date "2014.07.06"]
[Round "5"]
[White "Xu, David"]
[Black "Jain, Gautam"]
[Result "0-1"]
[WhiteElo "1540"]
[BlackElo "1714"]
[EventType "swiss"]
[EventRounds "5"]

1. c4 f5 2. g3 Nf6 3. Bg2 e5 4. b3 Bc5 5. Bb2 d6 6. e3 Nc6 7. Ne2 Qe7 8. O-O
O-O 9. Re1 e4 10. d3 Nb4 11. dxe4 fxe4 12. Nc1 Ng4 13. Re2 Nxf2 14. Qd2 Nbd3
15. Bd4 Nh3+ 16. Bxh3 Bxh3 17. Rg2 Bxd4 18. exd4 Qf6 19. Qd1 Qxd4+ {#R} 0-1

[Event "Hampstead U2200 July 2014"]
[Site "Hampstead, UK"]
[Date "2014.07.06"]
[Round "5"]
[White "Cavendish, Joshua"]
[Black "Samadov, Samir"]
[Result "1-0"]
[WhiteElo "1706"]
[BlackElo "1648"]
[EventType "swiss"]
[EventRounds "5"]

1. e4 e6 2. d3 Nc6 3. Nf3 h6 4. Nbd2 Nf6 5. g3 Bc5 6. Bg2 O-O 7. O-O d6 8. c3
e5 9. Nb3 Bb6 10. Re1 Ng4 11. d4 exd4 12. Nbxd4 Nce5 13. a4 Bxd4 14. Nxd4 Nf6
15. h3 Bd7 16. f4 Nc6 17. e5 dxe5 18. fxe5 Nh7 19. Nxc6 Bxc6 20. Bxc6 bxc6 21.
Qg4 Qc8 22. Qxc8 Raxc8 23. Be3 a6 24. Rad1 Rfe8 25. Bf4 Nf8 26. Re4 g5 27. Bc1
Ng6 28. Rde1 Rcd8 29. h4 gxh4 30. gxh4 Rxe5 31. Bxh6 Rxe4 32. Rxe4 Rd1+ 33.
Kf2 Rb1 34. b4 Rb2+ 35. Kg3 Rc2 36. Rc4 Ne7 37. Bf4 Nd5 38. Be5 Rg2+ 39. Kxg2
Ne3+ 40. Kf3 Nxc4 41. Bxc7 Kh7 42. Ke4 Kg6 43. Kd4 Nb2 44. a5 Kh5 45. Bd8 Nd1
46. c4 f5 47. b5 cxb5 48. cxb5 f4 49. b6 f3 50. Kd3 Nb2+ 51. Ke3 Nc4+ 52. Kxf3
Nxa5 53. Ke4 Nb7 54. Be7 Kg6 55. Kd5 Kf7 56. Ba3 Nd8 57. Kd6 Kg6 58. Kd7 Nb7
59. Kc7 Na5 60. Bb4 Kh5 61. Bxa5 Kxh4 62. b7 Kg5 63. b8=Q Kf6 64. Qe8 Kf5 65.
Qe3 Kg4 66. Qf2 Kg5 67. Qf3 Kg6 68. Qf4 Kg7 69. Qf5 Kh6 70. Qg4 Kh7 71. Qg5
Kh8 72. Bc3+ Kh7 73. Qg7# 1-0

[Event "Hampstead U2200 July 2014"]
[Site "Hampstead, UK"]
[Date "2014.07.06"]
[Round "5"]
[White "Oliveri, Claudio"]
[Black "Mandnikar, Atreya"]
[Result "0-1"]
[WhiteElo "1687"]
[BlackElo "1561"]
[EventType "swiss"]
[EventRounds "5"]

1. e4 c5 2. Nf3 Nc6 3. Bb5 a6 4. Bxc6 bxc6 5. O-O g6 6. d4 cxd4 7. Qxd4 Nf6 8.
e5 Nd5 9. e6 f6 10. exd7+ Bxd7 11. Re1 Bg7 12. c3 O-O 13. Qc4 Kh8 14. Nbd2 Qc7
15. Nb3 e5 16. Nc5 Bc8 17. b3 a5 18. Ba3 Re8 19. Rad1 Nb6 20. Qd3 Bf5 21. Qd6
Qxd6 22. Rxd6 Nd5 23. c4 Ne7 24. Ne4 a4 25. Nxf6 Bxf6 26. Rxf6 axb3 27. Bxe7
bxa2 28. Ra1 Rxe7 29. Rd6 Rb7 30. Rdd1 Rb1 31. Re1 Be4 32. Kf1 Bd3+ 33. Kg1 e4
34. Nd2 Rxe1+ 35. Rxe1 a1=Q {#R} 0-1

[Event "Hampstead U2200 July 2014"]
[Site "Hampstead, UK"]
[Date "2014.07.06"]
[Round "5"]
[White "Woltery, Nicolai"]
[Black "Balouka Myers, Gabriel"]
[Result "1-0"]
[WhiteElo "1592"]
[BlackElo "1578"]
[EventType "swiss"]
[EventRounds "5"]

1. d4 d5 2. c4 e6 3. Nf3 c5 4. e3 Nf6 5. Nc3 Nc6 6. Be2 dxc4 7. Bxc4 a6 8. a4
Be7 9. O-O O-O 10. d5 exd5 11. Nxd5 Nxd5 12. Qxd5 Qc7 13. b3 Be6 14. Qe4 Bf6
15. Rb1 Bxc4 16. bxc4 Rfe8 17. Qg4 Ne5 18. Nxe5 Bxe5 19. f4 Bf6 20. Rf3 Qc6
21. Bb2 Bxb2 22. Rxb2 Qxa4 23. Rxb7 Qd1+ 24. Kf2 Rxe3 25. Kg3 Rxf3+ 26. Qxf3
Qxf3+ 27. Kxf3 a5 28. Rb5 a4 29. Rb2 a3 30. Ra2 Ra4 31. Ke3 f5 32. Kd3 Kf7 33.
Kc3 Ra8 34. Kb3 Re8 35. Kxa3 Re4 36. g3 Rxc4 37. Kb3 Rb4+ 38. Kc3 Ke6 39. Ra5
Kd5 40. Ra7 Rc4+ 41. Kd3 Re4 42. Rd7+ Kc6 43. Rxg7 c4+ 44. Kc3 Kb5 45. Rb7+
Kc6 46. Rxh7 Kb5 47. Rb7+ Kc6 48. Rf7 {#r} 1-0

[Event "Hampstead U2200 July 2014"]
[Site "Hampstead, UK"]
[Date "2014.07.06"]
[Round "5"]
[White "Balouka Myers, Reuben"]
[Black "Mospan, Edward"]
[Result "1-0"]
[WhiteElo "1488"]
[BlackElo "1600"]
[EventType "swiss"]
[EventRounds "5"]

1. e4 e5 2. Nf3 Nc6 3. Bb5 d6 4. Bxc6+ bxc6 5. O-O Nf6 6. d4 Be7 7. dxe5 Nxe4
8. exd6 cxd6 9. Re1 d5 10. Bf4 O-O 11. Nbd2 f5 12. Re3 Bc5 13. Re2 Qb6 14. Nb3
Bxf2+ 15. Kh1 Ba6 16. Ne5 Rad8 17. Nd3 Bxd3 18. cxd3 Nf6 19. Qc2 Ng4 20. h3
Ne3 21. Qd2 Bh4 22. Bxe3 Qb8 23. Bg5 Bxg5 24. Qxg5 Rde8 25. Rae1 Rxe2 26. Rxe2
Re8 27. Re7 Rxe7 28. Qxe7 h6 29. Qe6+ Kh8 30. Qxc6 Qe5 31. Qc8+ Kh7 32. Qc3
Qe2 33. Qd2 Qe5 34. Kg1 f4 35. Kf2 g5 36. Qe2 Qf6 37. Qc2 Kg7 38. Qc7+ Kg6 39.
Qc3 Qe6 40. Qd2 Qf6 41. d4 g4 42. hxg4 Qh4+ 43. Kg1 Qxg4 44. Qc2+ Kh5 45. Nd2
Qe6 46. Nf3 Qe3+ 47. Qf2 Qe7 48. Ne5 Qg5 49. Qf3+ Kh4 50. Qh3# 1-0